NFL first round WRs since 2000 - Statistics

General Stats
  • This quiz has been taken 101 times
    81 since last reset
  • The average score is 23 of 90
Answer Stats
Year WR % Correct
Justin Jefferson
84%
2021 Ja'Marr Chase
82%
Devonta Smith
81%
2019 Marquise Brown
79%
Jaylen Waddle
68%
Julio Jones
66%
Matt Jones
66%
Andre Johnson
65%
Bryant Johnson
65%
2007 Calvin Johnson
65%
Odell Beckham Jr.
55%
2020 Henry Ruggs
52%
Jalen Reagor
52%
Ceedee Lamb
50%
2011 A.J. Green
48%
Mike Williams
48%
Mike Williams
48%
2015 Amari Cooper
47%
Jerry Jeudy
47%
Reggie Williams
47%
Roy Williams
47%
DeAndre Hopkins
45%
2010 Demaryius Thomas
42%
Mike Evans
42%
Calvin Ridley
40%
Lee Evans
40%
Kevin White
39%
Brandon Aiyuk
37%
2017 Corey Davis
37%
Craig Davis
37%
2018 D.J. Moore
37%
Roddy White
37%
Santana Moss
37%
Garrett Wilson
32%
Brandin Cooks
29%
Rashod Bateman
29%
2014 Sammy Watkins
27%
Dez Bryant
26%
Kadarius Toney
26%
Rashaun Woods
24%
Devante Parker
23%
John Ross
23%
2004 Larry Fitzgerald
23%
N'Keal Harry
21%
Nelson Agholor
19%
Jonathan Baldwin
18%
2013 Tavon Austin
18%
Will Fuller
18%
Michael Crabtree
16%
Laquon Treadwell
15%
Reggie Wayne
15%
Kelvin Benjamin
13%
2016 Corey Coleman
11%
Josh Doctson
11%
2012 Justin Blackmon
11%
Percy Harvin
11%
Jeremy Maclin
10%
Breshad Perriman
8%
Javon Walker
8%
Kendall Wright
8%
Phillip Dorsett
8%
Sylvester Morris
8%
2003 Charles Rogers
6%
Dwayne Bowe
6%
Hakeem Nicks
6%
Kenny Britt
6%
Travis Taylor
6%
A.J. Jenkins
5%
2005 Braylon Edwards
5%
2009 Darius Heyward-Bey
5%
2022 Drake London
5%
Michael Floyd
5%
Michael Jenkins
5%
Plaxico Burress
5%
2006 Santonio Holmes
5%
Ted Ginn Jr.
5%
Mark Clayton
3%
2000 Peter Warrick
3%
R. Jay Soward
3%
Rod Gardner
3%
Troy Williamson
3%
Anthony Gonzalez
2%
Ashley Lelie
2%
2001 David Terrell
2%
2002 Donte Stallworth
2%
Freddie Mitchell
2%
Jameson Williams
2%
Robert Meachem
2%
Jahan Dotson
0%
Treylon Burks
0%
No matching quizzes found
Score Distribution
Percent of People with Each Score
Percentile by Number Answered
Your Score History
You have not taken this quiz since the last reset